|
|
|
|
| LEADER |
00000naa2a2200000 4500 |
| 001 |
175793 |
| 005 |
20231031165144.0 |
| 035 |
|
|
|a (RuTPU)RU\TPU\book\190591
|
| 035 |
|
|
|a RU\TPU\tpu\5144
|
| 090 |
|
|
|a 175793
|
| 100 |
|
|
|a 20100217d1967 k y0rusy50 ca
|
| 101 |
0 |
|
|a rus
|
| 102 |
|
|
|a RU
|
| 200 |
0 |
|
|a Исследование и применение электронного пучка бетатрона для изучения взаимодействия электронов с веществом
|f В. М. Антонов [и др.]
|
| 463 |
|
0 |
|0 (RuTPU)RU\TPU\book\45753
|t Радиационная физика неметаллических кристаллов
|o Труды совещания, 8-15 сентября 1965 г., Киев
|f Академия Наук СССР; Академия наук Украинской ССР; Государственный комитет по использованию атомной энергии Совета Министров СССР
|v С. 432-437
|d 1967
|p 451 с.
|
| 610 |
1 |
|
|a электроника
|
| 610 |
1 |
|
|a труды учёных ТПУ
|
| 610 |
1 |
|
|a рентгенотехника
|
| 610 |
1 |
|
|a ускорители
|
| 701 |
|
1 |
|a Антонов
|b В. М.
|
| 701 |
|
1 |
|a Евдокимов
|b О. Б.
|
| 701 |
|
1 |
|a Евстигнеев
|b В. В.
|c российский ученый, физик
|c профессор, зав. кафедрой ядерно-энергетических установок Томского политехнического института
|c Заслуженный деятель науки РФ
|c ректор Алтайского государственного технического университета им. И. И. Ползунова
|f 1937-2008
|g Владимир Васильевич
|2 stltpush
|3 (RuTPU)RU\TPU\pers\19783
|
| 701 |
|
1 |
|a Кононов
|b Б. А.
|c российский физик
|c Заслуженный профессор Томского политехнического университета
|f 1930-
|g Борис Александрович
|2 stltpush
|3 (RuTPU)RU\TPU\pers\19802
|
| 701 |
|
1 |
|a Руденко
|b В. Н.
|
| 801 |
|
0 |
|a RU
|b 63413507
|c 20011210
|g PSBO
|
| 801 |
|
2 |
|a RU
|b 63413507
|c 20100217
|g PSBO
|
| 942 |
|
|
|c BK
|